Brawl Stars Championship - World Finals 2025 Teams - Statistics

General Stats
  • This quiz has been taken 11 times
  • The average score is 12 of 16
Answer Stats
Placement Region Answer % Correct
1st East Asia Crazy Raccoon
100%
9th-12th North America Tribe Gaming
100%
2nd EMEA HMBLE
89%
5th-8th South America LOUD
89%
5th-8th EMEA FUT Esports
78%
13th-16th South America SKCalalas
78%
13th-16th North America Spacestation Gaming
78%
13th-16th East Asia ZETA DIVISION
78%
9th-12th EMEA NOVO Esports
67%
9th-12th East Asia REJECT
67%
5th-8th EMEA Reply Totem
67%
3rd-4th EMEA SK Gaming
67%
5th-8th North America STMN Esports
67%
13th-16th EMEA Team Heretics
67%
9th-12th EMEA Papara SuperMassive
56%
3rd-4th Asia-Pacific (India) Revenant XSpark
56%
No matching quizzes found
Score Distribution
Percent of People with Each Score
Percentile by Number Answered
Your Score History
You have not taken this quiz